Invitation a la recherche opérationnelle

Uloženo v:
Podrobná bibliografie
Hlavní autoři: Kaufmann, Arnold (Autor), Faure, R (Autor)
Médium: Kniha
Jazyk:francouzština
Vydáno: París Dunod 1965
Edice:Initiation aux Nouveautés de la Science,
Témata:
Tagy: Přidat tag
Žádné tagy, Buďte první, kdo vytvoří štítek k tomuto záznamu!

MARC

LEADER 00000nam a2200000 a 4500
001 UCQ8917
003 CL-VaPUC
008 981217e19650000FR |||||||||||||||||fre|d
082 0 4 |a 003  |b KAU  |2 21 
100 |a Kaufmann, Arnold  |e author  |9 479848 
700 0 |a Faure, R  |e author  |9 423231 
245 1 0 |a Invitation a la recherche opérationnelle 
300 |a 312 p 
942 |c BK 
945 |d 19981217 00:00:00  |a crobeson 
260 |a París  |b Dunod  |c 1965 
650 0 |a Investigación operativa  |9 259383 
650 0 |a Gestión   |9 260993 
650 0 |a Algoritmos   |9 260639 
650 0 |a Teoría de juegos  |9 263826 
650 0 |a Teoría de probabilidades   |9 336944 
583 |a last modification  |c 19981217 00:00:00  |k Rodrigo Vera 
490 0 |a Initiation aux Nouveautés de la Science,  
999 |c 278082  |d 278080